书目信息 |
| 题名: |
莎翁情史
|
|
| 作者: | 方位津 编著 | |
| 分册: | ||
| 出版信息: | 北京 中国电影出版社 1999.07 |
|
| 页数: | 246页 | |
| 开本: | 32开 | |
| 丛书名: | ||
| 单 册: | ||
| 中图分类: | I235.1 | |
| 科图分类: | ||
| 主题词: | 戏剧文学--剧本--中国 | |
| 电子资源: | ||
| ISBN: | 7-106-01498-2 | |
| 000 | 00547nam0 2200193 45 | |
| 001 | 0011021625 | |
| 005 | 20001102165227.7 | |
| 010 | @a7-106-01498-2@d18.00元 | |
| 100 | @a20001102d1999 km y0chiy0120 ea | |
| 101 | 0 | @achi |
| 105 | @a z 000yy | |
| 200 | 1 | @a莎翁情史@ASha Weng Qing Shi@f方位津编著@FFang Wei Jin Bian Zhu |
| 210 | @a北京@c中国电影出版社@d1999.07 | |
| 215 | @a246页@d32开 | |
| 606 | 0 | @a戏剧文学@x剧本@x中国 |
| 690 | @aI235.1@v3 | |
| 701 | 0 | @a方位津@4编著 |
| 801 | @aCN@bPftUser@c20001102 | |
| 905 | @b196583-584@dI235.1@eF359@f2 | |
| 莎翁情史/方位津编著.-北京:中国电影出版社,1999.07 |
| 246页;32开 |
| ISBN 7-106-01498-2:18.00元 |
| ● |
| 相关链接 |
|
|
|
正题名:莎翁情史
索取号:I235.1/F359
 
预约/预借
| 序号 | 登录号 | 条形码 | 馆藏地/架位号 | 状态 | 备注 |
| 1 | 196583 | 201965837 | 社科二线422/422社科库 18排1列1层/ [索取号:I235.1/F359] | 在馆 | |
| 2 | 196584 | 201965846 | 文学库108/108文学库 20排1列1层/ [索取号:I235.1/F359] | 在馆 |